The world book encyclopedia (Record no. 107067)
[ view plain ]
| 000 -LEADER | |
|---|---|
| campo de control de longitud fija | 00559cam a2200205 4500 |
| 001 - NÚMERO DE CONTROL | |
| campo de control | 3028 |
| 005 - FECHA Y HORA DE LA ÚLTIMA TRANSACCIÓN | |
| campo de control | 20230411085747.0 |
| 008 - DATOS DE LONGITUD FIJA--INFORMACIÓN GENERAL | |
| campo de control de longitud fija | 060907s2004 ilu eng |
| 020 ## - NÚMERO INTERNACIONAL ESTÁNDAR DEL LIBRO | |
| Número Internacional Estándar del Libro | 0716601044 (set) |
| 035 ## - NÚMERO DE CONTROL DEL SISTEMA | |
| -- | funglode3040 |
| 041 ## - CÓDIGO DE IDIOMA | |
| Código de lengua del texto/banda sonora o título independiente | eng |
| 050 14 - SIGNATURA TOPOGRÁFICA DE LA BIBLIOTECA DEL CONGRESO | |
| Número de clasificación | R AE 5 |
| Número de ítem | W927 2004 |
| 082 00 - NÚMERO DE LA CLASIFICACIÓN DECIMAL DEWEY | |
| Número de clasificación | 031 |
| 245 04 - MENCIÓN DEL TÍTULO | |
| Título | The world book encyclopedia |
| 260 ## - PUBLICACIÓN, DISTRIBUCIÓN, ETC. | |
| Lugar de publicación, distribución, etc. | Chicago : |
| Nombre del editor, distribuidor, etc. | World Book, |
| Fecha de publicación, distribución, etc. | 2004 |
| 300 ## - DESCRIPCIÓN FÍSICA | |
| Extensión | 22 v. : |
| Otras características físicas | ill. (chiefly col.), maps (some col.) ; |
| Dimensiones | 26 cm. |
| 650 #0 - PUNTO DE ACCESO ADICIONAL DE MATERIA--TÉRMINO DE MATERIA | |
| Término de materia o nombre geográfico como elemento de entrada | Encyclopedias and dictionaries. |
| 710 2# - ENTRADA AGREGADA--NOMBRE DE ENTIDAD CORPORATIVA | |
| Nombre de entidad corporativa o nombre de jurisdicción como elemento de entrada | World Book, Inc. |
| 942 ## - ELEMENTOS DE ENTRADA SECUNDARIOS (KOHA) | |
| Fuente del sistema de clasificación o colocación | Clasificación de Library of Congress |
| Tipo de ítem Koha | |
| Estatus retirado | Estado de pérdida | Fuente del sistema de clasificación o colocación | Estado de daño | No para préstamo | Colección | Biblioteca de origen | Biblioteca actual | Ubicación en estantería | Fecha de adquisición | Serial enumeration / chronology | Signatura topográfica completa | Código de barras | Visto por última vez | Copia número | Tipo de ítem Koha |
|---|---|---|---|---|---|---|---|---|---|---|---|---|---|---|---|
| Clasificación de Library of Congress | Referencia | Biblioteca Juan Bosch | Biblioteca Juan Bosch | Referencia (1er. Piso) | 17/02/2019 | v.16 | R AE 5 W927 2004 | 00000021330 | 17/02/2019 | 1 | |||||
| Clasificación de Library of Congress | Referencia | Biblioteca Juan Bosch | Biblioteca Juan Bosch | Referencia (1er. Piso) | 17/02/2019 | v.8 | R AE 5 W927 2004 | 00000021309 | 17/02/2019 | 1 | |||||
| Clasificación de Library of Congress | Referencia | Biblioteca Juan Bosch | Biblioteca Juan Bosch | Referencia (1er. Piso) | 17/02/2019 | v.9 | R AE 5 W927 2004 | 00000021310 | 17/02/2019 | 1 | |||||
| Clasificación de Library of Congress | Referencia | Biblioteca Juan Bosch | Biblioteca Juan Bosch | Referencia (1er. Piso) | 17/02/2019 | v.2 | R AE 5 W927 2004 | 00000021311 | 17/02/2019 | 1 | |||||
| Clasificación de Library of Congress | Referencia | Biblioteca Juan Bosch | Biblioteca Juan Bosch | Referencia (1er. Piso) | 17/02/2019 | v.3 | R AE 5 W927 2004 | 00000021312 | 17/02/2019 | 1 | |||||
| Clasificación de Library of Congress | Referencia | Biblioteca Juan Bosch | Biblioteca Juan Bosch | Referencia (1er. Piso) | 17/02/2019 | v.4 | R AE 5 W927 2004 | 00000021313 | 17/02/2019 | 1 | |||||
| Clasificación de Library of Congress | Referencia | Biblioteca Juan Bosch | Biblioteca Juan Bosch | Referencia (1er. Piso) | 17/02/2019 | v.5 | R AE 5 W927 2004 | 00000021314 | 17/02/2019 | 1 | |||||
| Clasificación de Library of Congress | Referencia | Biblioteca Juan Bosch | Biblioteca Juan Bosch | Referencia (1er. Piso) | 17/02/2019 | v.6 | R AE 5 W927 2004 | 00000021315 | 17/02/2019 | 1 | |||||
| Clasificación de Library of Congress | Referencia | Biblioteca Juan Bosch | Biblioteca Juan Bosch | Referencia (1er. Piso) | 17/02/2019 | v.7 | R AE 5 W927 2004 | 00000021316 | 17/02/2019 | 1 | |||||
| Clasificación de Library of Congress | Referencia | Biblioteca Juan Bosch | Biblioteca Juan Bosch | Referencia (1er. Piso) | 17/02/2019 | v.1 | R AE 5 W927 2004 | 00000021317 | 17/02/2019 | 1 | |||||
| Clasificación de Library of Congress | Referencia | Biblioteca Juan Bosch | Biblioteca Juan Bosch | Referencia (1er. Piso) | 17/02/2019 | v.15 | R AE 5 W927 2004 | 00000021318 | 17/02/2019 | 1 | |||||
| Clasificación de Library of Congress | Referencia | Biblioteca Juan Bosch | Biblioteca Juan Bosch | Referencia (1er. Piso) | 17/02/2019 | v.14 | R AE 5 W927 2004 | 00000021319 | 17/02/2019 | 1 | |||||
| Clasificación de Library of Congress | Referencia | Biblioteca Juan Bosch | Biblioteca Juan Bosch | Referencia (1er. Piso) | 17/02/2019 | v.13 | R AE 5 W927 2004 | 00000021320 | 17/02/2019 | 1 | |||||
| Clasificación de Library of Congress | Referencia | Biblioteca Juan Bosch | Biblioteca Juan Bosch | Referencia (1er. Piso) | 17/02/2019 | v.12 | R AE 5 W927 2004 | 00000021321 | 17/02/2019 | 1 | |||||
| Clasificación de Library of Congress | Referencia | Biblioteca Juan Bosch | Biblioteca Juan Bosch | Referencia (1er. Piso) | 17/02/2019 | v.11 | R AE 5 W927 2004 | 00000021322 | 17/02/2019 | 1 | |||||
| Clasificación de Library of Congress | Referencia | Biblioteca Juan Bosch | Biblioteca Juan Bosch | Referencia (1er. Piso) | 17/02/2019 | v.10 | R AE 5 W927 2004 | 00000021323 | 17/02/2019 | 1 | |||||
| Clasificación de Library of Congress | Referencia | Biblioteca Juan Bosch | Biblioteca Juan Bosch | Referencia (1er. Piso) | 17/02/2019 | v.22 | R AE 5 W927 2004 | 00000021324 | 17/02/2019 | 1 | |||||
| Clasificación de Library of Congress | Referencia | Biblioteca Juan Bosch | Biblioteca Juan Bosch | Referencia (1er. Piso) | 17/02/2019 | v.21 | R AE 5 W927 2004 | 00000021325 | 17/02/2019 | 1 | |||||
| Clasificación de Library of Congress | Referencia | Biblioteca Juan Bosch | Biblioteca Juan Bosch | Referencia (1er. Piso) | 17/02/2019 | v.20 | R AE 5 W927 2004 | 00000021326 | 17/02/2019 | 1 | |||||
| Clasificación de Library of Congress | Referencia | Biblioteca Juan Bosch | Biblioteca Juan Bosch | Referencia (1er. Piso) | 17/02/2019 | v.19 | R AE 5 W927 2004 | 00000021327 | 17/02/2019 | 1 | |||||
| Clasificación de Library of Congress | Referencia | Biblioteca Juan Bosch | Biblioteca Juan Bosch | Referencia (1er. Piso) | 17/02/2019 | v.18 | R AE 5 W927 2004 | 00000021328 | 17/02/2019 | 1 | |||||
| Clasificación de Library of Congress | Referencia | Biblioteca Juan Bosch | Biblioteca Juan Bosch | Referencia (1er. Piso) | 17/02/2019 | v.17 | R AE 5 W927 2004 | 00000021329 | 17/02/2019 | 1 |
